An introduction to quantum physics / (Record no. 12046)

MARC details
000 -LEADER
fixed length control field 00920nam a2200277 i 4500
001 - CONTROL NUMBER
control field 773029
003 - CONTROL NUMBER IDENTIFIER
control field EG-ScBUE
005 - DATE AND TIME OF LATEST TRANSACTION
control field 20250529081139.0
008 - FIXED-LENGTH DATA ELEMENTS--GENERAL INFORMATION
fixed length control field 701109t1970 nyua f b 001 0 eng d
020 ## - INTERNATIONAL STANDARD BOOK NUMBER
International Standard Book Number 0471817554
040 ## - CATALOGING SOURCE
Original cataloging agency EG-ScBUE
Language of cataloging eng
Description conventions rda
Transcribing agency EG-ScBUE
Modifying agency EG-ScBUE
082 04 - DEWEY DECIMAL CLASSIFICATION NUMBER
Classification number 530.12
Edition number 22
Item number SPO
100 1# - MAIN ENTRY--PERSONAL NAME
Personal name Sposito, Garrison,
Dates associated with a name 1939-
9 (RLIN) 6990
Relator term author.
245 13 - TITLE STATEMENT
Title An introduction to quantum physics /
Statement of responsibility, etc Garrison Sposito, Department of Physics, Sonoma State College.
246 30 - VARYING FORM OF TITLE
Title proper/short title Quantum physics
264 #1 - PUBLICATION, DISTRIBUTION, ETC. (IMPRINT)
Place of publication, distribution, etc New York :
Name of publisher, distributor, etc John Wiley & Sons, Inc.,
Date of publication, distribution, etc [1970]
264 #4 - PUBLICATION, DISTRIBUTION, ETC. (IMPRINT)
Date of publication, distribution, etc c1970
300 ## - PHYSICAL DESCRIPTION
Extent xviii, 426 pages :
Other physical details illustrations ;
Dimensions 24 cm
336 ## - CONTENT TYPE
Source rdacontent
Content type term text
Content type code txt
337 ## - MEDIA TYPE
Media type term unmediated
Source rdamedia
Media type code n
338 ## - CARRIER TYPE
Carrier type term volume
Carrier type code nc
Source rdacarrier
504 ## - BIBLIOGRAPHY, ETC. NOTE
Bibliography, etc Includes bibliographical references and index.<br/>
650 #7 - SUBJECT ADDED ENTRY--TOPICAL TERM
Topical term or geographic name as entry element Quantum theory.
9 (RLIN) 6991
Source of heading or term BUEsh
655 ## - INDEX TERM--GENRE/FORM
Form subdivision Reading book
942 ## - ADDED ENTRY ELEMENTS (KOHA)
Source of classification or shelving scheme Dewey Decimal Classification
Koha item type Book - Borrowing
Holdings
Withdrawn status Lost status Source of classification or shelving scheme Damaged status Not for loan Collection code Home library Current library Shelving location Date acquired Source of acquisition Cost, normal purchase price Total Checkouts Full call number Barcode Date last seen Price effective from Koha item type
    Dewey Decimal Classification     Alef-Baa Central Library Central Library First floor 25/06/2009   150.00   530.12 SPO 000017060 15/07/2025 25/06/2009 Book - Borrowing